000
002820000a22000970004500
100
1
_a
Emerton, J. A.
245
1
0
_a
A further consideration of D.W. Thomas's theories about yada'
300
_a
Vol. 41, Num. 2 (Abril, 1991), Páginas 145-163
773
0
_t
Vetus Testamentum
942
_c
ANA
999
_c
57653
_d
57653